Co a kdo je akonomické centrum?
Existencia a činnosť ekonomického centra pri rozhodovaní o ďalšom rozvoji a fungovaní ekonomiky. Vstup vlády do rokovaní čs. podnikov so zahraničnými partnermi (Škoda Mladá Boleslav, Svit Zlín a pod.). Problémy so začiatočnými právnymi úkonami pri súkromnom podnikaní na centrálnych administratívnych...
Salvato in:
| Autore principale: | |
|---|---|
| Natura: | Capitolo di libro |
| Lingua: | ceco |
| Soggetti: | |
| Tags: |
Nessun Tag, puoi essere il primo ad aggiungerne!!
|
MARC
| LEADER | 00000naa a2200000 4500 | ||
|---|---|---|---|
| 001 | r003472 | ||
| 005 | 20221125081127.6 | ||
| 041 | 0 | |a cze | |
| 044 | |a [CS] | ||
| 245 | 1 | 0 | |a Co a kdo je akonomické centrum? |c M. Dubský |
| 520 | |a Existencia a činnosť ekonomického centra pri rozhodovaní o ďalšom rozvoji a fungovaní ekonomiky. Vstup vlády do rokovaní čs. podnikov so zahraničnými partnermi (Škoda Mladá Boleslav, Svit Zlín a pod.). Problémy so začiatočnými právnymi úkonami pri súkromnom podnikaní na centrálnych administratívnych orgánoch. | ||
| 610 | 2 | 0 | |a štát-podnik |
| 610 | 2 | 0 | |a podnik štátny |
| 610 | 2 | 0 | |a ČSFR |
| 610 | 2 | 0 | |a vzťahy hospodárske vonkajšie |
| 100 | 1 | |a Dubský, M. | |